[Event "Barcelona Sant Marti op-B 15th"]
[Site "Barcelona"]
[Date "2013.07.15"]
[Round "3"]
[White "Quemades Schmid, Ricardo"]
[Black "Perez Cuadrado, Eduardo"]
[Result "0-1"]
[WhiteElo "1481"]
[BlackElo "1783"]
[PlyCount "70"]
[EventDate "2013.07.13"]
[EventType "swiss"]
[EventRounds "9"]
[EventCountry "ESP"]
[SourceTitle "CBM 155 Extra"]
[Source "ChessBase"]
[SourceDate "2013.08.26"]
[SourceVersion "1"]
[SourceVersionDate "2013.08.26"]
[SourceQuality "1"]

1. d4 Nf6 2. g4 Nxg4 3. e4 d6 4. Be2 Nf6 5. Bg5 Nxe4 6. Nf3 Nxg5 7. Nxg5 e5 8. h4 Qf6 9. Ne4 Qf4 10. Nbc3 c6 11. dxe5 Qxe5 12. Qd2 d5 13. 0-0-0 Bb4 14. a3 Bxc3 15. Nxc3 Be6 16. Bg4 Qd6 17. Ne4 Qe7 18. Bxe6 fxe6 19. Ng5 e5 20. f4 h6 21. Nf3 e4 22. Ne5 Qf6 23. h5 Nd7 24. Ng6 Rg8 25. Qe2 0-0-0 26. Qe3 Nb6 27. Qc5 Rge8 28. Qd4 Qxd4 29. Rxd4 c5 30. Rdd1 d4 31. Ne5 Nd5 32. Nf7 Rd7 33. Ne5 Rde7 34. Ng6 Re6 35. f5 Rf6 0-1

[Event "Barcelona Sant Marti op-B 15th"]
[Site "Barcelona"]
[Date "2013.07.14"]
[Round "2"]
[White "Romero Funieles, Rafael de Jesus"]
[Black "Quemades Schmid, Ricardo"]
[Result "0-1"]
[WhiteElo "1735"]
[BlackElo "1481"]
[PlyCount "76"]
[EventDate "2013.07.13"]
[EventType "swiss"]
[EventRounds "9"]
[EventCountry "ESP"]
[SourceTitle "CBM 155 Extra"]
[Source "ChessBase"]
[SourceDate "2013.08.26"]
[SourceVersion "1"]
[SourceVersionDate "2013.08.26"]
[SourceQuality "1"]

1. b3 d6 2. Bb2 e5 3. e3 Nf6 4. h3 Be7 5. Nf3 c6 6. Be2 0-0 7. d4 e4 8. Nfd2 d5 9. c4 Nbd7 10. Nc3 Nb6 11. a3 Be6 12. g4 h6 13. h4 Nh7 14. c5 Nd7 15. h5 f5 16. gxf5 Bxf5 17. Bg4 Bh4 18. Rh2 Qg5 19. Rxh4 Qxh4 20. Bxf5 Rxf5 21. Qe2 Raf8 22. 0-0-0 Rxf2 23. Qe1 Qxh5 24. Qg1 Qh3 25. Qg6 Ng5 26. Qd6 Nf3 27. Ndxe4 dxe4 28. Nxe4 Rf1 29. Rxf1 Qxf1+ 30. Kc2 Qe2+ 31. Kb1 Qd3+ 32. Ka2 Qxe4 33. Qxd7 Nd2 34. a4 Qxe3 35. Qxb7 Qg3 36. d5 Rb8 37. dxc6 Rxb7 38. cxb7 Qxb3+ 0-1